000 00314nam a2200133Ia 4500
008 150201s2006 xx 000 0 und d
082 _a616.07
_bR06P
100 _aPANDA,UN
245 _aREVIEW OF PATHOLOGY
250 _a3RD
260 _bJAYPEE BROTHERS
_aDELHI
_c2006
650 _aPATHOLOGY
942 _2ddc
_cBK
_01
999 _c1049
_d1049